000 00461nam a2200133Ia 4500
005 20260209120138.0
008 260209s9999||||xx |||||||||||||| ||und||
100 _aMehak Batra
245 0 _aEnforcement of foreign arbitral awards in India : a critical study
260 _aBangaloreBangalore
_bNLSIU
_c2017
300 _a87 p. ; 25 cm.
700 _aMr. Govindraj Hegde - GuideMr. Govindraj Hegde - Guide
856 _uhttps://dans.nls.ac.in/handle/123456789/1586
999 _c217314
_d217314